Global Insecurity <A> Strategy for Energy and Economic Renewal

Saved in:
Bibliographic Details
Other Authors: Yergin, Daniel, Hillenbrand, Martin
Format: Book
Language:English
Published: Boston Houghton Mifflin Co. 1982
Edition:1. ed.
Subjects:
Tags: Add Tag
No Tags, Be the first to tag this record!

MARC

LEADER 00000nam a2200000 4500
001 c013276
005 20221207073606.1
020 |a 0-395-30517-9 
041 0 |a eng 
044 |a US 
245 1 0 |a Global Insecurity  |b <A> Strategy for Energy and Economic Renewal  |c Edit. Daniel Yergin, Martin Hillenbrand 
250 |a 1. ed. 
264 1 |a Boston  |b Houghton Mifflin Co.  |c 1982 
300 |a 427 s. 
610 2 0 |a energia 
610 2 0 |a rozvoj hospodársky 
610 2 0 |a vývoj hospodársky 
610 2 0 |a stratégia hospodárska 
610 2 0 |a svet 
610 2 0 |a priemysel 
610 2 0 |a situácia hospodárska 
700 1 |a Yergin, Daniel 
700 1 |a Hillenbrand, Martin